Ewige Tabelle 3. Liga - Statistiken

Allgemein
  • Dieses Quiz wurde 152 mal gespielt
  • Das Durchschnittsergebnis liegt bei 54 aus 68
Antwortstatistiken
Platz Verein Punkte Bundesland % Korrekt
7. SG Dynamo Dresden 511 Sachsen
97%
5. FC Hansa Rostock 554 Mecklenburg-Vorpommern
94%
14. VfB Stuttgart II 374 Baden-Württemberg
94%
13. 1. FC Magdeburg 378 Sachsen-Anhalt
93%
9. 1. FC Saarbrücken 434 Saarland
93%
52. RB Leipzig 79 Sachsen
93%
1. SV Wehen Wiesbaden 731 Hessen
93%
2. VfL Osnabrück 658 Niedersachsen
93%
20. Borussia Dortmund II 317 Nordrhein-Westfalen
92%
15. Eintracht Braunschweig 365 Niedersachsen
92%
8. Rot-Weiß Erfurt 478 Thüringen
92%
54. SSV Ulm 1846 Fußball 77 Baden-Württemberg
92%
16. TSV 1860 München 335 Bayern
92%
65. Alemannia Aachen 30 Nordrhein-Westfalen
90%
35. FC Bayern München II 245 Bayern
90%
30. Holstein Kiel 265 Schleswig-Holstein
90%
6. SC Preußen Münster 540 Nordrhein-Westfalen
90%
34. DSC Arminia Bielefeld 253 Nordrhein-Westfalen
89%
22. FC Carl Zeiss Jena 305 Thüringen
89%
68. Hannover 96 II 3 Niedersachsen
89%
31. SV Werder Bremen 264 Bremen
89%
42. SC Freiburg II 150 Baden-Württemberg
88%
39. 1. FC Kaiserslautern 212 Rheinland-Pfalz
87%
11. SSV Jahn Regensburg 410 Bayern
87%
27. SV Waldhof Mannheim 272 Baden-Württemberg
87%
21. FC Ingolstadt 04 305 Bayern
86%
50. Rot-Weiß Essen 105 Nordrhein-Westfalen
86%
12. Chemnitzer FC 391 Sachsen
85%
44. FC Energie Cottbus 145 Brandenburg
85%
3. Hallescher FC 583 Sachsen-Anhalt
85%
56. VfB Lübeck 67 Schleswig-Holstein
85%
38. Karlsruher SC 219 Baden-Württemberg
84%
41. SC Paderborn 07 195 Nordrhein-Westfalen
84%
53. 1. FC Union Berlin 78 Berlin
83%
23. FC Erzgebirge Aue 300 Sachsen
83%
4. SpVgg Unterhaching 582 Bayern
83%
10. MSV Duisburg 418 Nordrhein-Westfalen
82%
42. SV Darmstadt 98 159 Hessen
82%
25. Würzburger Kickers 276 Bayern
82%
18. 1. FC Heidenheim 1846 321 Baden-Württemberg
81%
46. 1. FSV Mainz 05 II 130 Rheinland-Pfalz
81%
32. Kickers Offenbach 263 Hessen
81%
49. SV 07 Elversberg 114 Saarland
79%
66. FSV Frankfurt 25 Hessen
78%
36. Fortuna Köln 234 Nordrhein-Westfalen
76%
17. FSV Zwickau 326 Sachsen
75%
33. FC Viktoria Köln 257 Nordrhein-Westfalen
74%
55. Fortuna Düsseldorf 69 Nordrhein-Westfalen
74%
58. TuS Koblenz 49 Rheinland-Pfalz
73%
63. VfB Oldenburg 35 Niedersachsen
73%
61. SC Rot-Weiß Oberhausen 38 Nordrhein-Westfalen
72%
37. Stuttgarter Kickers 228 Baden-Württemberg
72%
28. SV Sandhausen 271 Baden-Württemberg
69%
64. SpVgg Bayreuth 32 Bayern
68%
51. Wuppertaler SV 83 Nordrhein-Westfalen
68%
45. KFC Uerdingen 05 137 Nordrhein-Westfalen
67%
24. SV Meppen 288 Niedersachsen
67%
40. SC Verl 200 Nordrhein-Westfalen
66%
19. VfR Aalen 317 Baden-Württemberg
63%
62. FC Viktoria 1889 Berlin 37 Berlin
59%
29. SV Wacker Burghausen 268 Bayern
59%
48. SV Babelsberg 03 127 Brandenburg
58%
57. Kickers Emden 59 Niedersachsen
57%
60. Rot-Weiß Ahlen 39 Nordrhein-Westfalen
53%
67. TSV Havelse 23 Niedersachsen
52%
47. Sportfreunde Lotte 128 Nordrhein-Westfalen
50%
26. SG Sonnenhof Großaspach 275 Baden-Württemberg
46%
59. Türkgücü München 47 Bayern
46%
Keine übereinstimmenden Quizze gefunden
Verteilung der Resultate
Anzahl Personen mit jedem Resultat
Perzentil nach korrekt beantworteten Fragen
Ihre Resultats-Entwicklung
Sie haben dieses Quiz noch nicht gespielt